00769nam a2200169Ia 4500001001000000003000500010008004100015010001100056040000900067100003500076245019100111260003500302300001000337502010900347650009000456710005300546Para_3124CHAP220125s1986 xx 000 0 und d a201572 cCHAP aVillanueva Marrufo, Alfonso E. aPrueba de insecticidas para el control de la broca del grano de café Hypothenemus hampei (Ferrari) (Coleóptera Scolytidae) en el Soconusco, Chiapas /c Alfonso E. Villanueva Marrufo aChapingo, Méx. :b El autor a94 h. aTesis (Ing. Agr. Esp. en Parasitología Agrícola) -- UACh. Departamento de Parasitología Agrícola aCafé x Chiapas Café x Plagas Stephanoderes hampei Insecticidas x Análisis aUACh. Departamento de Parasitología Agrícola